[Event "AUT-ch U12 Girls"]
[Site "Fuerstenfeld"]
[Date "2024.06.01"]
[Round "6"]
[White "Spadi, Eliana"]
[Black "Dakshina Murthy, Megha Varshini"]
[Result "0-1"]
[WhiteElo "1491"]
[BlackElo "1474"]
[PlyCount "112"]
[EventDate "2024.05.30"]
[EventType "swiss"]
[EventRounds "7"]
[EventCountry "AUT"]
[SourceTitle "CBM 220 Extra"]
[Source "ChessBase"]
[SourceDate "2024.07.31"]
[SourceVersion "1"]
[SourceVersionDate "2024.07.31"]
[SourceQuality "1"]

1. e4 e5 2. Nf3 Nc6 3. d4 exd4 4. Nxd4 Nf6 5. Nc3 d6 6. Be2 Be7 7. 0-0 0-0 8. Re1 d5 9. exd5 Nxd5 10. Nxd5 Qxd5 11. c3 Re8 12. Bf3 Qd6 13. Qd3 Ne5 14. Qe4 Ng6 15. Nf5 Bxf5 16. Qxf5 c6 17. b4 Bf6 18. Bb2 Qd2 19. Rxe8+ Rxe8 20. Qb1 Bxc3 21. Bxc3 Qxc3 22. h3 Nf4 23. a3 Nxh3+ 24. Kh2 Nxf2 25. Ra2 Nd3 26. Qd1 Qe5+ 27. Kh3 Qe6+ 28. Bg4 Qxa2 29. Qxd3 Qd5 30. Qc2 Rd8 31. Qf2 Qd3+ 32. Bf3 Qxa3 33. Qh4 Rf8 34. Kh2 Qe3 35. Be4 Qh6 36. Qxh6 gxh6 37. b5 Rc8 38. bxc6 bxc6 39. Bf5 Rc7 40. Bd3 a5 41. Bc4 a4 42. Kg1 a3 43. Kf2 c5 44. Ke3 Kg7 45. g4 Kf6 46. Kf4 Ra7 47. Ba2 c4 48. Ke3 Kg5 49. Kd4 Kxg4 50. Kxc4 f5 51. Kd3 f4 52. Ke2 Kg3 53. Kf1 h5 54. Kg1 h4 55. Kh1 Rc7 56. Kg1 Rc1# 0-1